| 000 | 00604nam a22002057a 4500 | ||
|---|---|---|---|
| 003 | OSt | ||
| 005 | 20260424115952.0 | ||
| 008 | 260424b |||||||| |||| 00| 0 eng d | ||
| 020 | _a9780367491376 | ||
| 020 | _a9781003044741 | ||
| 040 |
_aMMARA-U _beng _cMMARA-U _dMMARA-U |
||
| 050 | _aKNQ 9361 .I6 2024 | ||
| 100 |
_aIp Eric C. _93156 |
||
| 245 |
_aThe Law and Regulation of Public Health : _bGlobal Perspectives on Hong kong / _cEric C. Ip |
||
| 260 |
_aLondon : _bRoutledge, _c2024. |
||
| 300 | _aix, 254 pages : | ||
| 504 | _aIncludes Index. | ||
| 650 |
_aDiseases. _93157 |
||
| 942 |
_2lcc _cLOAN LOAN |
||
| 999 |
_c33522 _d33519 |
||